Trouve les paroles de Lil Mama de Jain - Statistiques

Statistiques générales
  • Ce quiz a été pris 5 fois
  • Le résultat moyen est 238 sur 283
Statistiques - réponses
Hint Réponse % Correct
. a
100%
. alone
100%
. are
100%
. | .. around
100%
. | .. away
100%
. come
100%
. do
100%
. | .. don't
100%
. Don't
100%
. far
100%
. feel
100%
. feeling
100%
. | .. from
100%
. | .. Hey
100%
. hey
100%
. home
100%
. in
100%
. is
100%
. Is
100%
. Lil Mama
100%
. | .. lost
100%
. | .. Why
100%
. | .. you
100%
. You
100%
. | .. your
100%
. | .. You're
100%
. brain
75%
.. can
75%
. everything
75%
. | .. giving
75%
. got
75%
. know
75%
. love
75%
. make
75%
. more
75%
. Mothers
75%
. need
75%
. See
75%
. see
75%
. sharing
75%
. Sisters
75%
. soul
75%
. than
75%
. the
75%
. | .. to
75%
. | .. To
75%
. true
75%
. what
75%
. will
75%
. world
75%
. about
50%
. all
50%
. and
50%
. And
50%
. at
50%
. break
50%
. down
50%
. forget
50%
. going
50%
. good
50%
. gotta
50%
. hands
50%
. | .. head
50%
. how
50%
. If
50%
. I'll
50%
. inside
50%
. | .. it
50%
. lay
50%
. | .. leave
50%
. like
50%
. Look
50%
. loving
50%
. mind
50%
. now
50%
. Oh
50%
. oh
50%
. own
50%
. Peace
50%
. place
50%
. run
50%
. should
50%
. silence
50%
. Some
50%
. stand
50%
. sun
50%
. take
50%
. that
50%
. there's
50%
. There's
50%
. things
50%
.. this
50%
. time
50%
. up
50%
. When
50%
.. with
50%
. worry
50%
Aucun quiz correspondant
Distribution des résultats
% des personnes avec chaque résultat
Percentile par nombre de réponses
Votre historique - résultats
Vous n’avez pas pris ce quiz